Seed for sermons. (Record no. 17135)
[ view plain ]
| 000 -LEADER | |
|---|---|
| fixed length control field | 00476nam a22001932 4500 |
| 001 - CONTROL NUMBER | |
| control field | 0000017856 |
| 003 - CONTROL NUMBER IDENTIFIER | |
| control field | OSt |
| 005 - DATE AND TIME OF LATEST TRANSACTION | |
| control field | 20140825164756.0 |
| 008 - FIXED-LENGTH DATA ELEMENTS--GENERAL INFORMATION | |
| fixed length control field | 091208s1945 xx 000 0 eng d |
| 040 ## - CATALOGING SOURCE | |
| Original cataloging agency | PUL |
| Transcribing agency | PUL |
| 050 ## - LIBRARY OF CONGRESS CALL NUMBER | |
| Classification number | BV4223 |
| Item number | .W45 1945 |
| 100 1# - MAIN ENTRY--PERSONAL NAME | |
| Personal name | Williams, Jerome Oscar. |
| 245 10 - TITLE STATEMENT | |
| Title | Seed for sermons. |
| 260 ## - PUBLICATION, DISTRIBUTION, ETC. (IMPRINT) | |
| Place of publication, distribution, etc | Nashville, Tenn. : |
| Name of publisher, distributor, etc | Broadman press, |
| Date of publication, distribution, etc | [1945] |
| 300 ## - PHYSICAL DESCRIPTION | |
| Extent | 134 p. ; |
| Dimensions | 20 cm. |
| 650 #0 - SUBJECT ADDED ENTRY--TOPICAL TERM | |
| Topical term or geographic name as entry element | Sermons. |
| 908 ## - PUT COMMAND PARAMETER (RLIN) | |
| Put command parameter | 091208 |
| 942 ## - ADDED ENTRY ELEMENTS (KOHA) | |
| Source of classification or shelving scheme | Library of Congress Classification |
| Koha item type | General circulation books |
| Withdrawn status | Lost status | Source of classification or shelving scheme | Damaged status | Not for loan | Home library | Current library | Date acquired | Source of acquisition | Total Checkouts | Full call number | Barcode | Date last seen | Price effective from | Koha item type |
|---|---|---|---|---|---|---|---|---|---|---|---|---|---|---|
| Library of Congress Classification | Presbyterian University of East Africa - Main Library | Presbyterian University of East Africa - Main Library | 26/12/2012 | Donation | BV4223 .W45 1945 | 020020019173 | 26/12/2012 | 26/12/2012 | General circulation books | |||||
| Library of Congress Classification | Presbyterian University of East Africa - Main Library | Presbyterian University of East Africa - Main Library | 26/12/2012 | BV4223 .W45 1945 | 020020019172 | 26/12/2012 | 26/12/2012 | General circulation books |
